[Event "BCF-ch U140"]
[Site "Coventry"]
[Date "2015.07.30"]
[Round "4"]
[White "Karia, Kamlesh"]
[Black "Mitchell, Robert"]
[Result "1-0"]
[WhiteElo "1712"]
[BlackElo "1628"]
[PlyCount "49"]
[EventDate "2015.07.27"]
[EventType "swiss"]
[EventRounds "5"]
[EventCountry "ENG"]
[SourceTitle "EXT 2016"]
[Source "ChessBase"]
[SourceDate "2015.10.08"]
[SourceVersion "1"]
[SourceVersionDate "2015.10.08"]
[SourceQuality "1"]

1. Nf3 d5 2. g3 Nf6 3. Bg2 e6 4. c4 c6 5. 0-0 Na6 6. d4 Be7 7. a4 0-0 8. cxd5 cxd5 9. Nc3 Nc7 10. Re1 a6 11. e4 dxe4 12. Nxe4 Nxe4 13. Rxe4 Nd5 14. Bd2 Bd7 15. Ne5 Bc6 16. Nxc6 bxc6 17. Rc1 Rc8 18. Qb3 Rc7 19. Ba5 Qd7 20. Bxc7 Nxc7 21. Qb7 Qd8 22. Qxc6 Nd5 23. Qxa6 Bg5 24. Rc4 Qb8 25. Qb5 1-0

[Event "London Golders Green op U1900 3rd"]
[Site "London"]
[Date "2014.05.04"]
[Round "3"]
[White "Sivarajasingam, Shayanna"]
[Black "Mitchell, Robert"]
[Result "1/2-1/2"]
[WhiteElo "1483"]
[BlackElo "1627"]
[PlyCount "95"]
[EventDate "2014.05.03"]
[EventType "swiss"]
[EventRounds "6"]
[EventCountry "ENG"]
[SourceTitle "EXT 2018"]
[Source "ChessBase"]
[SourceDate "2017.10.13"]
[SourceVersion "1"]
[SourceVersionDate "2017.10.13"]
[SourceQuality "1"]

1. e4 d5 2. exd5 Qxd5 3. Nc3 Qd6 4. d4 Nf6 5. Nf3 c6 6. h3 Bf5 7. Bd3 Bxd3 8. Qxd3 Nbd7 9. 0-0 e6 10. Re1 Be7 11. Ne4 Nxe4 12. Qxe4 0-0 13. c3 Nf6 14. Qe5 Rad8 15. Bf4 Ne8 16. Qxd6 Nxd6 17. Bxd6 Rxd6 18. Rad1 Rfd8 19. Re2 Bf6 20. Red2 g6 21. Kf1 Bg7 22. Ke2 f6 23. Ne1 Kf7 24. g3 e5 25. dxe5 Rxd2+ 26. Rxd2 Rxd2+ 27. Kxd2 fxe5 28. Kd3 Ke6 29. Ke4 b6 30. b3 Bf6 31. Nd3 Kd6 32. c4 Bg7 33. g4 Bf6 34. f3 h6 35. Ke3 Bg5+ 36. Ke4 Bf6 37. Ke3 Ke6 38. Ke4 Bg7 39. Ke3 Bf8 40. Nf2 Bc5+ 41. Ke2 Bd4 42. Ne4 Bb2 43. Kd3 Bd4 44. Ke2 a6 45. a4 b5 46. axb5 axb5 47. Kd3 bxc4+ 48. bxc4 1/2-1/2

[Event "Hastings Masters op 89th"]
[Site "Hastings"]
[Date "2014.01.02"]
[Round "6"]
[White "Mitchell, Robert"]
[Black "Gunn, Michael J"]
[Result "0-1"]
[WhiteElo "1674"]
[BlackElo "1727"]
[PlyCount "62"]
[EventDate "2013.12.28"]
[EventType "swiss"]
[EventRounds "9"]
[EventCountry "ENG"]
[SourceTitle "CBM 158 Extra"]
[Source "ChessBase"]
[SourceDate "2014.02.28"]
[SourceVersion "1"]
[SourceVersionDate "2014.02.28"]
[SourceQuality "1"]

1. d4 e6 2. c4 Nf6 3. Nf3 d5 4. g3 Be7 5. Bg2 0-0 6. 0-0 b6 7. Nc3 Bb7 8. Ne5 Nbd7 9. cxd5 exd5 10. Bf4 a6 11. Rc1 Rc8 12. e3 c5 13. Bh3 h6 14. Ng4 Nxg4 15. Bxg4 g5 16. Be5 f6 17. Be6+ Kg7 18. Bf4 Rc6 19. Bxd5 f5 20. Bxc6 Bxc6 21. d5 Bb7 22. d6 Bf6 23. Nd5 gxf4 24. Nxf4 Qe8 25. Qh5 Bxb2 26. Qxe8 Rxe8 27. Rcd1 Bf3 28. Rb1 Be5 29. Rb3 Kf7 30. Rd3 Bxf4 31. exf4 Be2 0-1

[Event "Hastings Masters op 89th"]
[Site "Hastings"]
[Date "2013.12.28"]
[Round "1"]
[White "Mitchell, Robert"]
[Black "Spanton, Timothy"]
[Result "0-1"]
[WhiteElo "1674"]
[BlackElo "2008"]
[PlyCount "56"]
[EventDate "2013.12.28"]
[EventType "swiss"]
[EventRounds "9"]
[EventCountry "ENG"]
[SourceTitle "CBM 158 Extra"]
[Source "ChessBase"]
[SourceDate "2014.02.28"]
[SourceVersion "1"]
[SourceVersionDate "2014.02.28"]
[SourceQuality "1"]

1. d4 d5 2. Nf3 Nf6 3. e3 c5 4. c3 Nc6 5. Bd3 Bg4 6. Nbd2 e6 7. 0-0 Bd6 8. Re1 0-0 9. dxc5 Bxc5 10. Qc2 e5 11. Be2 Rc8 12. a3 e4 13. Nd4 Bxd4 14. Bxg4 Nxg4 15. exd4 Qh4 16. Nf1 Nxd4 17. Qd1 Qxf2+ 18. Kh1 Nc2 19. Re2 Nxa1 20. Be3 Nxe3 21. Nxe3 Qf6 22. Qxa1 d4 23. cxd4 Qxd4 24. Qe1 Rfd8 25. h3 g6 26. Qg3 Rc1+ 27. Re1 Rxe1+ 28. Qxe1 Qxb2 0-1

[Event "London Classic op-A U2000 5th"]
[Site "London"]
[Date "2013.12.10"]
[Round "2"]
[White "Joslin, Tim M"]
[Black "Mitchell, Robert"]
[Result "1-0"]
[WhiteElo "1825"]
[BlackElo "1674"]
[PlyCount "81"]
[EventDate "2013.12.09"]
[EventType "swiss"]
[EventRounds "5"]
[EventCountry "ENG"]
[SourceTitle "EXT 2016"]
[Source "ChessBase"]
[SourceDate "2015.10.08"]
[SourceVersion "1"]
[SourceVersionDate "2015.10.08"]
[SourceQuality "1"]

1. e4 d6 2. d4 Nf6 3. Nc3 c6 4. f3 b5 5. Be3 b4 6. Nce2 a5 7. g4 Ba6 8. h4 g6 9. h5 Qd7 10. Bh3 e6 11. Qd2 d5 12. e5 Ng8 13. Ng3 Qc7 14. f4 Nd7 15. Nf3 c5 16. f5 cxd4 17. Bxd4 gxf5 18. gxf5 Bh6 19. Qf2 Rc8 20. fxe6 fxe6 21. Bxe6 Ne7 22. Bf7+ Kd8 23. e6 Rf8 24. exd7 Rb8 25. Be5 Qb6 26. Bxb8 Qxf2+ 27. Kxf2 Rxf7 28. Kg2 Nc6 29. Ne5 Nxe5 30. Bxe5 Bb7 31. Rhf1 d4+ 32. Kh2 Rxd7 33. Rad1 Ba6 34. Rf6 Bg7 35. Rxa6 Bxe5 36. Rxa5 Bf4 37. Rf5 Bd6 38. Kh3 Be7 39. Rf7 Ke8 40. Rxh7 Rd5 41. Re1 1-0

[Event "Hampstead op U2200 10"]
[Site "Hampstead"]
[Date "2013.10.27"]
[Round "5"]
[White "Ilett, Raymond"]
[Black "Mitchell, Robert"]
[Result "1-0"]
[WhiteElo "1884"]
[BlackElo "1690"]
[PlyCount "69"]
[EventDate "2013.10.26"]
[EventType "swiss"]
[EventRounds "5"]
[EventCountry "ENG"]
[SourceTitle "EXT 2015"]
[Source "ChessBase"]
[SourceDate "2014.11.20"]
[SourceVersion "1"]
[SourceVersionDate "2014.11.20"]
[SourceQuality "1"]

1. d4 d6 2. Nf3 Nf6 3. c4 c5 4. d5 g6 5. Nc3 Bg7 6. e4 0-0 7. Bd3 Na6 8. 0-0 Nc7 9. Re1 e5 10. Bg5 a6 11. a3 Bg4 12. h3 Bd7 13. b4 b6 14. bxc5 bxc5 15. Rb1 Rb8 16. Bc2 Qc8 17. Ba4 Bxh3 18. Rxb8 Qg4 19. Rxf8+ Kxf8 20. g3 Nh5 21. Bh4 Qc8 22. Ng5 Kg8 23. Qf3 Nf4 24. gxf4 Bg4 25. Qg3 h6 26. f5 Bh5 27. Nf3 gxf5 28. Bf6 Bg6 29. Bxg7 Kxg7 30. exf5 Qxf5 31. Nh4 Qf6 32. Ne4 Qf4 33. Qxf4 exf4 34. Nxg6 fxg6 35. Nxd6 1-0

[Event "Hampstead op U2200 10"]
[Site "Hampstead"]
[Date "2013.10.26"]
[Round "3"]
[White "Balouka Myers, Gabriel"]
[Black "Mitchell, Robert"]
[Result "0-1"]
[WhiteElo "1592"]
[BlackElo "1690"]
[PlyCount "114"]
[EventDate "2013.10.26"]
[EventType "swiss"]
[EventRounds "5"]
[EventCountry "ENG"]
[SourceTitle "EXT 2015"]
[Source "ChessBase"]
[SourceDate "2014.11.20"]
[SourceVersion "1"]
[SourceVersionDate "2014.11.20"]
[SourceQuality "1"]

1. e4 d6 2. d4 Nf6 3. Bd3 Bg4 4. f3 Bd7 5. c4 c5 6. d5 g6 7. Nc3 Bg7 8. Be3 0-0 9. Qd2 Re8 10. 0-0-0 e5 11. Bh6 Bh8 12. h4 Qc8 13. h5 Re7 14. g4 Be8 15. Nh3 a6 16. Ng5 Nbd7 17. hxg6 fxg6 18. Ne6 Bf7 19. g5 Ne8 20. Bf8 Nxf8 21. Nxf8 Kxf8 22. Rxh7 Bg7 23. f4 Bg8 24. Rh2 exf4 25. Qxf4+ Rf7 26. Qh4 Qd8 27. e5 Bxe5 28. Qh6+ Rg7 29. Rf2+ Ke7 30. Bxg6 Kd7 31. Bxe8+ Qxe8 32. Rdf1 Qe7 33. g6 Re8 34. Ne4 Kd8 35. Nf6 Bxf6 36. Rxf6 Qe3+ 37. Qxe3 Rxe3 38. Rxd6+ Kc7 39. Rdf6 Kb8 40. d6 Bxc4 41. Rd1 Rd7 42. Rf8+ Ka7 43. g7 Rg3 44. Rc8 Kb6 45. b4 Rgxg7 46. bxc5+ Ka7 47. Re1 Rg8 48. Rxg8 Bxg8 49. a3 Bd5 50. Re5 Bc6 51. Kd2 Rd8 52. Re7 Re8 53. Rc7 Re5 54. Kd3 Rxc5 55. Ke3 Rd5 56. d7 Bxd7 57. Ke4 Bc6 0-1

[Event "Hampstead op U2200 10"]
[Site "Hampstead"]
[Date "2013.10.26"]
[Round "2"]
[White "Mitchell, Robert"]
[Black "Falasca, Marco"]
[Result "1/2-1/2"]
[WhiteElo "1690"]
[BlackElo "1544"]
[PlyCount "88"]
[EventDate "2013.10.26"]
[EventType "swiss"]
[EventRounds "5"]
[EventCountry "ENG"]
[SourceTitle "EXT 2015"]
[Source "ChessBase"]
[SourceDate "2014.11.20"]
[SourceVersion "1"]
[SourceVersionDate "2014.11.20"]
[SourceQuality "1"]

1. d4 Nf6 2. Nf3 d5 3. c4 c6 4. g3 dxc4 5. Bg2 g6 6. 0-0 Bg7 7. Nc3 0-0 8. a4 Nd5 9. Ne5 Nxc3 10. bxc3 Be6 11. e3 Nd7 12. f4 Nxe5 13. fxe5 Qd7 14. Rf2 Rad8 15. a5 a6 16. Ba3 Bxe5 17. Qf1 Bc7 18. Bb4 Bd6 19. Rb2 f5 20. Rab1 Rb8 21. Bxd6 exd6 22. Rb6 d5 23. Qf4 Qe7 24. Rxc6 bxc6 25. Rxb8 Rxb8 26. Qxb8+ Kg7 27. Qb2 Bf7 28. Kf2 Qc7 29. Qb6 Qd6 30. Qb4 Qc7 31. Bf3 g5 32. Kg2 g4 33. Bd1 h5 34. Qc5 Qb7 35. Qb4 Qxb4 36. cxb4 Be8 37. Bc2 Kf6 38. h4 gxh3+ 39. Kxh3 Kg5 40. Bd1 Bd7 41. Kg2 Be6 42. Kf3 Bd7 43. Bc2 Be6 44. Ba4 Bd7 1/2-1/2

[Event "Hampstead op U2200 09"]
[Site "Hampstead"]
[Date "2013.09.29"]
[Round "5"]
[White "Millward, David J"]
[Black "Mitchell, Robert"]
[Result "1/2-1/2"]
[WhiteElo "1928"]
[BlackElo "1690"]
[PlyCount "85"]
[EventDate "2013.09.28"]
[EventType "swiss"]
[EventRounds "5"]
[EventCountry "ENG"]
[SourceTitle "EXT 2015"]
[Source "ChessBase"]
[SourceDate "2014.11.20"]
[SourceVersion "1"]
[SourceVersionDate "2014.11.20"]
[SourceQuality "1"]

1. e4 d6 2. d4 Nf6 3. Bd3 c6 4. Nf3 Bg4 5. Nbd2 e6 6. c3 Be7 7. h3 Bxf3 8. Nxf3 0-0 9. 0-0 Qc7 10. Qc2 e5 11. Be3 Re8 12. Rfe1 Nbd7 13. Rad1 a6 14. dxe5 dxe5 15. a3 b5 16. b4 Bf8 17. c4 Rac8 18. Rc1 Qb7 19. cxb5 cxb5 20. Qb1 Rxc1 21. Rxc1 Rc8 22. Rxc8 Qxc8 23. Qc2 Qxc2 24. Bxc2 Bd6 25. Nd2 Kf8 26. Kf1 Ke7 27. Ke2 Ne8 28. Nb3 Nc7 29. g3 Ne6 30. Kd3 f6 31. Na5 Nb8 32. Bb3 Bc7 33. Nb7 Nd7 34. Bd5 Bb6 35. Bxb6 Nxb6 36. Bxe6 Kxe6 37. Nc5+ Kd6 38. Nxa6 Kc6 39. Kc3 Na4+ 40. Kb3 Kb6 41. Nb8 Kc7 42. Na6+ Kb6 43. Nb8 1/2-1/2

[Event "Hampstead op U2200 09"]
[Site "Hampstead"]
[Date "2013.09.28"]
[Round "2"]
[White "Mitchell, Robert"]
[Black "Tomy, Jeff"]
[Result "1-0"]
[WhiteElo "1690"]
[BlackElo "1378"]
[PlyCount "79"]
[EventDate "2013.09.28"]
[EventType "swiss"]
[EventRounds "5"]
[EventCountry "ENG"]
[SourceTitle "EXT 2015"]
[Source "ChessBase"]
[SourceDate "2014.11.20"]
[SourceVersion "1"]
[SourceVersionDate "2014.11.20"]
[SourceQuality "1"]

1. d4 d6 2. Nf3 Nf6 3. c4 g6 4. Nc3 Bg7 5. g3 0-0 6. Bg2 c5 7. d5 Qa5 8. 0-0 Qb4 9. Nd2 Nbd7 10. a3 Qb6 11. Rb1 Qd8 12. b4 Ng4 13. Bb2 cxb4 14. axb4 Ngf6 15. Na4 Nb6 16. Nxb6 Qxb6 17. Qb3 Bf5 18. e4 Bg4 19. e5 dxe5 20. Bxe5 Bf5 21. Rb2 Bg4 22. c5 Qd8 23. h3 Bf5 24. Rd1 Qd7 25. g4 Bxg4 26. hxg4 Qxg4 27. Qf3 Qd7 28. Nc4 Rac8 29. d6 Rfd8 30. Rbd2 exd6 31. Nxd6 Qe6 32. Bg3 Rd7 33. Nxc8 Rxd2 34. Rxd2 Qe1+ 35. Bf1 Qxd2 36. Ne7+ Kf8 37. Qxb7 Ke8 38. c6 Nd5 39. Qd7+ Kf8 40. Qd8# 1-0

[Event "Hastings Masters op 88th"]
[Site "Hastings"]
[Date "2012.12.28"]
[Round "1"]
[White "Mitchell, Robert"]
[Black "Wadsworth, Matthew J"]
[Result "0-1"]
[WhiteElo "1690"]
[BlackElo "2067"]
[PlyCount "60"]
[EventDate "2012.12.28"]
[EventType "swiss"]
[EventRounds "10"]
[EventCountry "ENG"]
[SourceTitle "CBM 152 Extra"]
[Source "ChessBase"]
[SourceDate "2013.02.25"]
[SourceVersion "1"]
[SourceVersionDate "2013.02.25"]
[SourceQuality "1"]

1. d4 d5 2. Nf3 Nf6 3. e3 c5 4. b3 Nc6 5. Bd3 Bg4 6. a3 cxd4 7. 0-0 e5 8. Be2 Bxf3 9. Bxf3 Bc5 10. exd4 Nxd4 11. Bb2 0-0 12. b4 Bb6 13. Nd2 Re8 14. Rc1 Nxf3+ 15. Nxf3 d4 16. Re1 Qd5 17. c4 dxc3 18. Bxc3 Qxd1 19. Rcxd1 Ng4 20. Re2 Rad8 21. Rxd8 Rxd8 22. h3 Rd1+ 23. Ne1 Nxf2 24. Rxf2 Rc1 25. Bd2 Ra1 26. Kf1 Bxf2 27. Kxf2 Rxa3 28. Nf3 f6 29. Be3 b6 30. Nd2 Ra4 0-1